000 00468nam a2200181Ia 4500
001 62726
008 180309n ii |||gr||||Z||||||465
020 _a0 582 78099 3
082 _a823
100 _aLowrence, D.H.,
_eAuthor.
245 0 _aSons And Lovers
_cD.H.Lowrence
_hTextual Documents
250 _aIst ed - 1980.
260 _aBeirut:
_bLongman York Press.
300 _a72p:
_c23cm.
653 _aEnglish fiction
653 _aG - English
942 _2ddc
_cBK
999 _c63833
_d63833